Теория и история культуры учебное пособие
В учебном пособии доступно и кратко излагаются основные темы дисциплины «Теория и история культуры». Целью настоящего учебного пособия является формирование базового понимания теории и истории культуры, как научной дисциплины. Пособие может быть полезно для генерирования новых идей при решении иссле...
Na minha lista:
| Autor principal: | |
|---|---|
| Outros Autores: | |
| Formato: | Книга |
| Idioma: | Russian |
| Publicado em: |
Краснодар
КубГАУ
2019
|
| Acesso em linha: | https://e.lanbook.com/book/224006 https://e.lanbook.com/img/cover/book/224006.jpg |
| Tags: |
Adicionar Tag
Sem tags, seja o primeiro a adicionar uma tag!
|
| LEADER | 01947nam0a2200277 i 4500 | ||
|---|---|---|---|
| 001 | 224006 | ||
| 003 | RuSpLAN | ||
| 005 | 20221220174153.0 | ||
| 008 | 221220s2019 ru gs 000 0 rus | ||
| 020 | |a 978-5-907133-56-3 | ||
| 040 | |a RuSpLAN | ||
| 041 | 0 | |a rus | |
| 044 | |a ru | ||
| 080 | |a 008:001.8 | ||
| 084 | |a 71.0 |2 rubbk | ||
| 245 | 0 | 0 | |a Теория и история культуры |b учебное пособие |c Данилова М. И.,Плотников Н. В. |
| 260 | |a Краснодар |b КубГАУ |c 2019 | ||
| 300 | |a 85 с. | ||
| 504 | |a Библиогр.: доступна в карточке книги, на сайте ЭБС Лань | ||
| 520 | 8 | |a В учебном пособии доступно и кратко излагаются основные темы дисциплины «Теория и история культуры». Целью настоящего учебного пособия является формирование базового понимания теории и истории культуры, как научной дисциплины. Пособие может быть полезно для генерирования новых идей при решении исследовательских и практических задач как в области культурологии, так и в междисциплинарных областях, а также для сдачи кандидатского минимума по специальности 24.00.01 – теория и история культуры. | |
| 521 | 8 | |a Книга из коллекции КубГАУ - Социально-гуманитарные науки | |
| 100 | 1 | |a Данилова М. И. | |
| 700 | 1 | |a Плотников Н. В. | |
| 856 | 4 | |u https://e.lanbook.com/book/224006 | |
| 856 | 4 | 8 | |u https://e.lanbook.com/img/cover/book/224006.jpg |
| 953 | |a https://e.lanbook.com/img/cover/book/224006.jpg | ||